000 01188nac a22003977a 4500
001 BR7308095
003 BR-BrBNA
005 20240105113558.0
008 230509b bl.|||m| |||| 00| 0 por d
040 _aBR-BrBNA
_bpor
_cBiblioteca Nacional de Agricultura
072 _aF00
090 _a2110 BR7308095
100 1 _aCosta, A. da S.
100 1 _aFrazao, D.A.C.
100 1 _aTourinho Filho, E.
100 1 _aDaguer, A.R.F.
110 1 _aInstituto de Pesquisa Agropecuaria do Norte, Belem, PA (Brasil);
110 1 _aAssociacao de Credito e Assistencia Rural do Estado do Para, Belem (Brasil)
_9493
245 1 _aCultura do cacau [Brasil]
260 3 _aBelem, PA (Brasil):
_c1973.
300 _a27 p.
490 _aCircular - Instituto de Pesquisa Agropecuaria do Norte (Brazil)
_vno. 18
_x
500 _a18 illus.; Summaries (En, Pt)
650 _aCACAU
650 _aCLIMA
650 _aSOLO
650 _aSOMBREAMENTO
650 _aMUDA
650 _aPLANTIO
650 _aDEFESA VEGETAL
650 _aCOLHEITA
650 _aARMAZENAMENTO
650 _aPRATICA CULTURAL
909 _a202312
_bLúcia Elande
_c55
_dLúcia Elande
942 _2AGRIS
_n0
_cMS
999 _c264515
_d264515